000 00446nam a2200169Ia 4500
003 GCL
008 140319s9999 xx 000 0 eng d
040 _aGCL /
_cGCL
082 0 4 _a746.44
_bT E
100 1 _aTARSOULI, ATHENA
245 1 0 _aEMBROIDERIES AND COSTUMES OF DODECANESE /
_cTARSOULI, ATHENA
260 _a[S.N] :
_bATHENA TARSOULI ،
_c1951
300 _a68 P
650 0 4 _aDECORATIVE ARTS
650 0 4 _aEMBROIDERY
942 _2ddc
_cBK
999 _c19469
_d19469